000
00287nam a22001097a 4500
008
131217t xxu||||| |||| 00| 0 eng d
020
_a
0-553-21297-4
100
_a
Edited by David Bevington
_9
441
245
_a
Shakespeare King Lear
_c
by william shakespeare
300
_a
000
942
_2
ddc
_c
BK
999
_c
16712
_d
16712